Movies Quiz

Random Movies or Disney Quiz

Disney Character Movie Match II Quiz Stats

Quiz Updated Dec 24, 2015

Challenge
Share
Tweet
Embed
Score 0/48 Timer 06:00
7 Plays Today
% Correct
Baloo
92%
John Smith
91.7%
Mowgli
88.4%
Rapunzel
86.9%
Quasimodo
85.8%
Shere Khan
84.1%
Esmeralda
83.9%
Bagheera
83.6%
Flynn Rider
83%
Princess Aurora
82.9%
Kaa
82.3%
Jiminy Cricket
81.8%
Little John
81.1%
Geppetto
80.9%
Maid Marian
79%
Maleficent
77.9%
Prince Phillip
77.1%
Grandmother Willow
76.4%
Friar Tuck
75.6%
King Richard
75%
King Louie
74.1%
Mother Gothel
73.1%
Meeko
73%
Governor Ratcliffe
72.3%
% Correct
Flora
69.4%
Nani Pelekai
68.1%
Fauna
67.6%
Judge Claude Frollo
67.3%
Pascal
67.2%
Dr. Jumba Jookiba
65.9%
The Blue Fairy
65.1%
Maximus
61.9%
Flit
60.9%
Kocoum
60.5%
Stromboli
60.4%
Merryweather
57.5%
David Kawena
56.8%
Captain Gantu
56.8%
Sir Hiss
55.9%
Captain Phoebus
54.4%
The Stabbington Brothers
52.3%
Cobra Bubbles
52.1%
Pleakley
48.9%
Lady Kluck
45.8%
Honest John
43.1%
Clopin
40.5%
Lampwick
39.4%
Laverne
33.5%

You're not logged in!

Compare scores with friends on all Sporcle quizzes.
Sign Up with Email
OR
Log In

You Might Also Like...

Show Comments

Extras

Top Quizzes Today


Score Distribution

Your Account Isn't Verified!

In order to create a playlist on Sporcle, you need to verify the email address you used during registration. Go to your Sporcle Settings to finish the process.

Report this User

Report this user for behavior that violates our Community Guidelines.

Details: